Fire Emblem tous les personnages jouables - Statistiques

Statistiques générales
  • Ce quiz a été pris 97 fois
    96 depuis la dernière actualisation
  • Le résultat moyen est 176 sur 686
Statistiques - réponses
Indice Réponse % Correct
Shadow Dragon and the Blade of Light (FE1) Marth
87%
FE Awakening (FE13) Chrom
82%
Leo
82%
FE: Path of Radiance (FE9) Ike
78%
Lucina
78%
FE: Three Houses (FE16) Byleth
75%
Daraen
75%
Edelgard
71%
FE: The Blazing Blade (FE7) Lyndis
71%
Celica
69%
FE Fates (FE14) Corrin
69%
Dimitri
69%
FE: The Binding Blade (FE6) Roy
69%
FE Gaiden (FE2) Alm
67%
Claud
67%
Leon
67%
Maria
64%
| * Anna
62%
Camilla
62%
Claude
62%
Sakura
62%
Ash
60%
Dorothea
60%
Eir
60%
FE: The Sacred Stones (FE8) Eirika
60%
* Eliwood
60%
Hilda
60%
Lysithea
60%
Mercedes
60%
Takumi
60%
Ashe
58%
Bernadetta
58%
Cath
58%
Dedue
58%
Felix
58%
Ferdinand
58%
Hubert
58%
Leonie
58%
Lissa
58%
Lorenz
58%
Tiki
58%
* Yuri
58%
Annette
56%
Ephraim
56%
Fred
56%
* Hector
56%
Ingrid
56%
Marianne
56%
Petra
56%
Ryoma
56%
Sylvain
56%
Xander
56%
Arthur
55%
Elise
55%
Frederick
55%
Ignatz
55%
Azura
53%
* Balthus
53%
Caspar
53%
Catherine
53%
* Hapi
53%
FE: Genealogy of the Holy War (FE4) Sigurd
53%
Tharja
53%
* Constance
51%
Cord
51%
Flayn
51%
Linhardt
51%
Raphael
51%
| * Selena
51%
Shamir
51%
Est
49%
Hinoka
49%
Rhea
49%
Cain
47%
Haar
47%
Kana
47%
FE: Radiant Dawn (FE10) Micaiah
47%
Owain
47%
Palla
47%
Fire Emblem Warriors: Three Hopes Shez
47%
Soren
47%
Virion
47%
Caeda
45%
Cyril
45%
Elen
45%
Felicia
45%
* Jeritza
45%
Laslow
45%
Leif
45%
Lukas
45%
Odin
45%
Seteth
45%
Alois
44%
Gray
44%
* Lyon
44%
Manuela
44%
Peri
44%
Seth
44%
Sothis
44%
Titania
44%
Kaze
42%
Mae
42%
Mist
42%
Seliph
42%
Sothe
42%
Tobin
42%
Zelcher
42%
Abel
40%
Clair
40%
Cordelia
40%
Hanneman
40%
Inigo
40%
Jagen
40%
Kliff
40%
Mathilda
40%
Mia
40%
Nowi
40%
Olivia
40%
Severa
40%
Sully
40%
Sumia
40%
Catria
38%
Elincia
38%
FE Echoes: Shadows of Valentia (FE15) Faye
38%
Gilbert
38%
Henry
38%
Hinata
38%
Jakob
38%
Jeralt
38%
Lilina
38%
Maribelle
38%
Monica
38%
Niles
38%
Sonya
38%
Stahl
38%
Boey
36%
Delthea
36%
Hana
36%
Lon’zu
36%
Oscar
36%
Raven
36%
Saizo
36%
Tana
36%
Alfonse
35%
Beruka
35%
Effie
35%
Flora
35%
Gaius
35%
Kellam
35%
Lara
35%
Lucius
35%
Merric
35%
Nah
35%
Nino
35%
Python
35%
Saber
35%
Setsuna
35%
Silas
35%
Sin
35%
Tatiana
35%
Vaike
35%
Boyd
33%
Edward
33%
Innes
33%
Jill
33%
Joshua
33%
Kagero
33%
Karla
33%
Kent
33%
Lethe
33%
Linde
33%
Lucia
33%
Luthier
33%
Minerva
33%
Miriel
33%
Mordecai
33%
Natasha
33%
Nils
33%
Oboro
33%
Reyson
33%
Ross
33%
Sain
33%
Subaki
33%
Zeke
33%
Amelia
31%
Artur
31%
Azama
31%
Black Knight
31%
Camus
31%
Charlot
31%
Colm
31%
Dorcas
31%
Fae
31%
Florina
31%
Franz
31%
Gerome
31%
Ilyana
31%
Jaffar
31%
Julia
31%
Kamui
31%
Karel
31%
Kyle
31%
L’Arachel
31%
Myrrh
31%
Neimi
31%
Nephenee
31%
Nina
31%
Ninian
31%
Noire
31%
Pent
31%
Rebecca
31%
Rhajat
31%
Shinon
31%
Soleil
31%
Zihark
31%
Bantu
29%
Basilio
29%
Caeldori
29%
Cynthia
29%
Erk
29%
Fiora
29%
Gunter
29%
FE: New Mystery of the Emblem (FE12) Kris
29%
Leanne
29%
Libra
29%
Linfan
29%
Louise
29%
Marcia
29%
Muarim
29%
Naesala
29%
Priscilla
29%
Ranulf
29%
Sharena
29%
Silque
29%
Tibarn
29%
Vanessa
29%
Wil
29%
Fire Emblem Warriors: Three Hopes Arval
27%
Bartre
27%
Charlotte
27%
Clive
27%
Deirdre
27%
Donnel
27%
Ewan
27%
Flavia
27%
Forrest
27%
Geoffrey
27%
Gregor
27%
Hel
27%
Holst
27%
Laurent
27%
Leonardo
27%
Matthew
27%
Mozu
27%
Navarre
27%
Nyx
27%
Ogma
27%
* Oliver
27%
Rodrigue
27%
Rolf
27%
Sanaki
27%
Say’ri
27%
Selkie
27%
Sophia
27%
Valbar
27%
Volke
27%
Atlas
25%
Aversa
25%
FE: Mystery of the Emblem (FE3) Cecil
25%
Cormag
25%
Duessel
25%
Dwyer
25%
Emmeryn
25%
Farina
25%
Garcia
25%
Gilliam
25%
Harken
25%
Heath
25%
Kurthnaga
25%
Laura
25%
Lena
25%
Merlinus
25%
Midori
25%
Nagi
25%
Nanna
25%
Nolan
25%
Ophelia
25%
Orochi
25%
Rhys
25%
FE Warriors Rowan
25%
Shigure
25%
Tethys
25%
Tormod
25%
Velouria
25%
Wrys
25%
Arran
24%
Astrid
24%
Asugi
24%
Athena
24%
Ayra
24%
Barst
24%
Benny
24%
Bord
24%
Brom
24%
Caineghis
24%
Canas
24%
Cecilia
24%
Conrad
24%
Deen
24%
Forde
24%
Forsyth
24%
Gatrie
24%
Genny
24%
Gerik
24%
Gordin
24%
Hawk
24%
Hayato
24%
Klein
24%
Knoll
24%
Lute
24%
Marcus
24%
Moulder
24%
| * Orson
24%
Palne
24%
Rafiel
24%
Rath
24%
Reina
24%
Ricken
24%
Shanna
24%
Shiro
24%
Tauroneo
24%
Veronica
24%
Wolf
24%
Ymir
24%
Aran
22%
Ares
22%
Athos
22%
Bastian
22%
Castor
22%
Elice
22%
Ethlyn
22%
Fiona
22%
Fir
22%
Gangrel
22%
* Glen
22%
Guy
22%
Hardin
22%
Hawkeye
22%
Izana
22%
Janaff
22%
Jeorge
22%
Julian
22%
Kaden
22%
Katarina
22%
Keaton
22%
Kieran
22%
Legault
22%
Lehran
22%
Lewyn
22%
Luke
22%
Mycen
22%
Nyna
22%
Pelleas
22%
Quan
22%
Rinkah
22%
Rutger
22%
Serra
22%
Shura
22%
Sophie
22%
Syrene
22%
Vika
22%
Vyland
22%
Wolt
22%
Xane
22%
Clarine
20%
Darros
20%
Draug
20%
Finn
20%
FE: Shadow Dragon (FE11) Frey
20%
Giffca
20%
Gustav
20%
Heather
20%
Karin
20%
Kiragi
20%
Lachesis
20%
Lianna
20%
Lif
20%
Lowen
20%
Lyre
20%
Matthis
20%
Meg
20%
Michalis
20%
Mitama
20%
Nasir
20%
Olwen
20%
Priam
20%
Roshea
20%
Siegbert
20%
Sigrun
20%
Stefan
20%
Tanith
20%
Ulki
20%
Volug
20%
Walhart
20%
Wallace
20%
* Aelfric
18%
Astram
18%
Brady
18%
* Caellach
18%
Dozla
18%
Fee
18%
Fjorm
18%
Gotoh
18%
Igrene
18%
Jesse
18%
Juno
18%
Lex
18%
Makalov
18%
Mareeta
18%
Nailah
18%
Nealuchi
18%
Niime
18%
Noah
18%
Norne
18%
Oswin
18%
Raigh
18%
Rennac
18%
Saleh
18%
Scarlet
18%
Sirius
18%
Skrimir
18%
Sue
18%
Tailtiu
18%
Yukimura
18%
FE4 Altena
16%
* Ashnard
16%
Azelle
16%
Barthe
16%
Brigid
16%
Ced
16%
* Clarisse
16%
Danved
16%
Dart
16%
Devdan
16%
Dew
16%
Dolph
16%
Dorothy
16%
Ena
16%
Gwendolyn
16%
Hisame
16%
Isadora
16%
Jamke
16%
Jeanne
16%
FE Heroes Kiran
16%
Kjelle
16%
Larcei
16%
Largo
16%
Lugh
16%
Nomah
16%
Perceval
16%
Percy
16%
* Petrine
16%
Rickard
16%
* Riev
16%
Saul
16%
Sedgar
16%
Tanya
16%
Vaida
16%
Alec
15%
Askr
15%
Caesar
15%
Calill
15%
Dieck
15%
Echidna
15%
Eda
15%
Fuga
15%
* Guinivere
15%
Henriette
15%
Jake
15%
Lance
15%
Larum
15%
* Legion
15%
Lene
15%
Loki
15%
Midia
15%
Midir
15%
Miranda
15%
Ogier
15%
Patty
15%
Radd
15%
Roger
15%
Shannan
15%
Sheena
15%
Silvia
15%
Surtr
15%
Thea
15%
Tine
15%
Tomas
15%
Yarne
15%
* Zephiel
15%
Alen
13%
Arden
13%
Arlen
13%
Asbel
13%
Beck
13%
Boah
13%
Bors
13%
Bruno
13%
Chad
13%
Chulainn
13%
Edain
13%
Erinys
13%
* Fernand
13%
Galzus
13%
Garret
13%
Geitz
13%
* Gharnef
13%
Gunnthra
13%
Hannibal
13%
* Hayden
13%
Hugh
13%
Ignatius
13%
Laegjarn
13%
Lana
13%
Linda
13%
Macellan
13%
Melady
13%
* Narcian
13%
Peony
13%
Reginn
13%
Renault
13%
Renning
13%
Roderick
13%
Samson
13%
Sara
13%
Thorr
13%
* Valter
13%
Wendell
13%
Zelot
13%
Beowolf
11%
Diarmuid
11%
Douglas
11%
Eitri
11%
Eyvel
11%
Febail
11%
FE: Archanea Saga Frost
11%
Geese
11%
Gonzalez
11%
Horace
11%
Kyza
11%
Laevatein
11%
Lifis
11%
Malice
11%
Oifey
11%
FE: Thracia 776 (FE5) Osian
11%
Plumeria
11%
Ronan
11%
Safy
11%
Saias
11%
Salem
11%
Thrasir
11%
Tina
11%
Tristan
11%
Yen’fay
11%
Ylgr
11%
Astolfo
9%
* Bryce
9%
Dagdar
9%
Dagr
9%
Daisy
9%
Dayan
9%
Elffin
9%
* Emma
9%
* Fado
9%
Freyja
9%
Freyr
9%
Hrid
9%
Lester
9%
* Lloyd
9%
Luchar
9%
Lucharba
9%
Mirabilis
9%
Muspell
9%
Naoise
9%
Nifl
9%
Nott
9%
Otr
9%
Perne
9%
Ralf
9%
Roberto
9%
Ryan
9%
Shannam
9%
Tsubasa Oribe
9%
Zeiss
9%
Alva
7%
Belf
7%
* Brunnya
7%
* Candace
7%
Coirpre
7%
Creidne
7%
* Eremiya
7%
Etzel
7%
Fafnir
7%
* Galle
7%
Gareth
7%
Halvan
7%
Helbindi
7%
Homer
7%
Letizia
7%
Lot
7%
Marty
7%
* Murdock
7%
* Nichol
7%
Phina
7%
Reiden
7%
Samuel
7%
Selphina
7%
Triandra
7%
Wade
7%
Warren
7%
Xavier
7%
Yuliya
7%
Amid
5%
Asaello
5%
Brighton
5%
Conomor
5%
Dalsin
5%
Dalvin
5%
Dice
5%
Fergus
5%
Glade
5%
Hermina
5%
Hicks
5%
* Ismaire
5%
Jubelo
5%
Linoan
5%
Machyua
5%
Misha
5%
Scáthach
5%
Shiva
5%
Sleuf
5%
Touma Akagi
5%
Trec
5%
Troude
5%
Yoder
5%
Barry goodman
4%
Carrion
4%
Deimme
4%
* Haitaka
4%
Ilios
4%
TMS #FE Itsuki Aoi
4%
Laylea
4%
Marisha
4%
Muirne
4%
* Shiharam
4%
* Yuzu
4%
* Zhara
4%
Amalda
2%
* Daniela
2%
Eleonora Yumizuru
2%
* Funke
2%
Garde des portes
2%
Kiria Kurono
2%
* Kumagera
2%
* Llewelyn
2%
Maiko Shimazaki
2%
Mamori Minamoto
2%
* Randal
2%
* Shade
2%
Yashiro Tsurugi
2%
Bestian
0%
* Daichi
0%
* Gazak
0%
* Senno
0%
* Tarba
0%
Aucun quiz correspondant
Distribution des résultats
% des personnes avec chaque résultat
Percentile par nombre de réponses
Votre historique - résultats
Vous n’avez pas pris ce quiz depuis la dernière actualisation